| 000 | 00757nam a2200241 a 4500 | ||
|---|---|---|---|
| 001 | 000024598 | ||
| 005 | 20230526131558.0 | ||
| 008 | 091015s1975 dr a r 000 0 spa d | ||
| 040 |
_aDO-SdBNP _bspa _cBNPHU |
||
| 082 |
_a862.2 _bR741c, 1975 |
||
| 100 | 1 |
_aRojas, Fernando de, _d1470-1541 _939878 |
|
| 245 | 1 | 3 |
_aLa Celestina / _cFernando de Rojas. |
| 260 |
_aSanto Domingo : _bEdiciones Saber, _c1975. |
||
| 300 |
_a257 p. ; _c19 cm. |
||
| 490 | 1 | _aBiblioteca saber | |
| 500 | _aTragicomedia de Calixto y Melibea | ||
| 590 | _aInventariado, 2019 / DG | ||
| 650 | 4 |
_aTeatro español _93071 |
|
| 650 | 4 |
_aDrama español _926851 |
|
| 650 | 4 |
_aLiteratura española _9632 |
|
| 830 | 0 |
_nBiblioteca saber _950439 |
|
| 910 | _aValidado. Control de calidad. MFF | ||
| 999 |
_c24091 _d24091 |
||